Polymers in microelectronics : Fundamentals and applications /
Gespeichert in:
| Hauptverfasser: | , |
|---|---|
| Format: | Buch |
| Sprache: | Englisch |
| Veröffentlicht: |
Amsterdam :
Elsevier,
1989
|
| Ausgabe: | 1.vyd. |
| Schlagworte: | |
| Tags: |
Keine Tags, Fügen Sie das erste Tag hinzu!
|
MARC
| LEADER | 00000nam a22000003a 4500 | ||
|---|---|---|---|
| 001 | stu7779 | ||
| 005 | 20150617225805.5 | ||
| 008 | 950502s1989----ne------------------eng-d | ||
| 020 | |a 0-444-87290-6 | ||
| 040 | |a STU |b slo | ||
| 041 | 0 | |a eng | |
| 044 | |a ne | ||
| 080 | |a 621.382.049.77 | ||
| 080 | |a 678.01 | ||
| 100 | 1 | |a Soane, David S |4 aut | |
| 245 | 1 | |a Polymers in microelectronics : |b Fundamentals and applications / |c [aut.] Soane,David S.; Martynenko,Zoya | |
| 250 | |a 1.vyd. | ||
| 260 | |a Amsterdam : |b Elsevier, |c 1989 | ||
| 300 | |a 308 s | ||
| 650 | 7 | |a Mikroelektronika |2 stusub | |
| 650 | 7 | |a integrované obvody |2 stusub | |
| 650 | 7 | |a polyméry |2 stusub | |
| 700 | 1 | |a Martynenko, Zoya |4 aut | |
| 996 | |b E79665 |c E*79665 |l EE11 |s P |a 0 |w stu7779_0001 | ||